Bituín bituín natacha /

Guardado en:
Autor Principal: Pescetti, Luis María
Otros Autores: Fernández, Pablo, il.
Formato: Libro
Publicado: Buenos Aires : Alfaguara, 2009
Series:Naranja
Materias:
Etiquetas: Agregar Etiqueta
Sin Etiquetas, Sea el primero en etiquetar este registro!
LEADER 00910nam a22002895a 4500
001 CEM.cems018358
008 130507s2009##################000#0#####d
005 20221004085051.0
245 1 0 |a Bituín bituín natacha /  |c Luis María Pescetti ; ilustraciones de Pablo Fernández 
260 |a Buenos Aires :  |b Alfaguara,  |c 2009 
300 |a 128 p. 
490 0 |a Naranja 
500 |a Desde 10 años 
020 |a 9789870411222 
100 1 |a Pescetti, Luis María 
700 1 |a Fernández, Pablo, il. 
082 0 4 |a A863.4 
653 |a Literatura 
653 |a Literatura argentina 
653 |a Narrativa argentina 
653 |a Literatura juvenil 
653 |a Narrativa juvenil 
653 |a Novelas 
653 |a Novela juvenil 
653 |a Novela argentina 
859 |a CEMS  |b BIB. CEMS - Inicial y Primaria  |h A863.4  |i P436-2  |k IP  |p 6398  |t Ej.1 
859 |a CEMS  |b BIB. CEMS - Agricultura  |h A863.4  |i P436  |p A2174.14  |t Ej.1